Environment and global modernity / (Record no. 11658)
[ view plain ]
| 000 -LEADER | |
|---|---|
| fixed length control field | 01914cam a22004455a 4500 |
| 001 - CONTROL NUMBER | |
| control field | 12183333 |
| 005 - DATE AND TIME OF LATEST TRANSACTION | |
| control field | 20150823145405.0 |
| 008 - FIXED-LENGTH DATA ELEMENTS--GENERAL INFORMATION | |
| fixed length control field | 000923s2000 enka b 101 0 eng d |
| 010 ## - LIBRARY OF CONGRESS CONTROL NUMBER | |
| LC control number | 00708587 |
| 015 ## - NATIONAL BIBLIOGRAPHY NUMBER | |
| National bibliography number | GBA0-Z0652 |
| 020 ## - INTERNATIONAL STANDARD BOOK NUMBER | |
| International Standard Book Number | 0761967664 |
| 020 ## - INTERNATIONAL STANDARD BOOK NUMBER | |
| International Standard Book Number | 9780761967675 |
| 020 ## - INTERNATIONAL STANDARD BOOK NUMBER | |
| International Standard Book Number | 0761967672 (pbk.) |
| 035 ## - SYSTEM CONTROL NUMBER | |
| System control number | (OCoLC)ocm43540044 |
| 040 ## - CATALOGING SOURCE | |
| Original cataloging agency | UKM |
| Transcribing agency | UKM |
| Modifying agency | IQU |
| -- | C#P |
| -- | DLC |
| -- | EG-ScBuE |
| 042 ## - AUTHENTICATION CODE | |
| Authentication code | lccopycat |
| 050 00 - LIBRARY OF CONGRESS CALL NUMBER | |
| Classification number | GE149 |
| Item number | .E45 2000 |
| 082 00 - DEWEY DECIMAL CLASSIFICATION NUMBER | |
| Classification number | 363.7 |
| Edition number | 22 |
| Item number | ENV |
| 245 00 - TITLE STATEMENT | |
| Title | Environment and global modernity / |
| Statement of responsibility, etc | edited by Gert Spaargaren, Arthur P.J. Mol, and Frederick H. Buttel. |
| 250 ## - EDITION STATEMENT | |
| Edition statement | 1st. ed. |
| 260 ## - PUBLICATION, DISTRIBUTION, ETC. (IMPRINT) | |
| Place of publication, distribution, etc | London ; |
| Name of publisher, distributor, etc | SAGE Publications, |
| Date of publication, distribution, etc | 2000. |
| 300 ## - PHYSICAL DESCRIPTION | |
| Extent | xii, 257 p. : |
| Other physical details | ill. ; |
| Dimensions | 24 cm. |
| 490 ## - Series Statement | |
| Series statement | Sage studies in international sociology ; |
| Volume/sequential designation | 50 |
| 500 ## - GENERAL NOTE | |
| General note | "This volume originated out of a conference on 'Social Theory and the Environment' organized under the auspices of the International Sociological Association (ISA) by the Research Group on 'Environment and Society'"--Pref. |
| 500 ## - GENERAL NOTE | |
| General note | Index : p. 255-257. |
| 504 ## - BIBLIOGRAPHY, ETC. NOTE | |
| Bibliography, etc | Bibliography : p. 251-253. |
| 590 ## - LOCAL NOTE (RLIN) | |
| Local note | yassmeen ashraf |
| 650 #0 - SUBJECT ADDED ENTRY--TOPICAL TERM | |
| Topical term or geographic name as entry element | Global environmental change |
| Form subdivision | Congresses. |
| 9 (RLIN) | 5479 |
| Source of heading or term | BUEsh |
| 650 #0 - SUBJECT ADDED ENTRY--TOPICAL TERM | |
| Topical term or geographic name as entry element | Social change |
| Form subdivision | Congresses. |
| 9 (RLIN) | 5480 |
| Source of heading or term | BUEsh |
| 650 #0 - SUBJECT ADDED ENTRY--TOPICAL TERM | |
| Topical term or geographic name as entry element | Globalization |
| Form subdivision | Congresses. |
| 9 (RLIN) | 5481 |
| Source of heading or term | BUEsh |
| 651 ## - SUBJECT ADDED ENTRY--GEOGRAPHIC NAME | |
| Source of heading or term | BUEsh |
| 653 ## - INDEX TERM--UNCONTROLLED | |
| Resource For college | BAEPS, Economics |
| Arrived date list | August2015 |
| 700 1# - ADDED ENTRY--PERSONAL NAME | |
| Personal name | Spaargaren, Gert. |
| 9 (RLIN) | 5482 |
| Title of a work | editor |
| 700 1# - ADDED ENTRY--PERSONAL NAME | |
| Personal name | Mol, A. P. J. |
| 9 (RLIN) | 5483 |
| Title of a work | editor |
| 700 1# - ADDED ENTRY--PERSONAL NAME | |
| Personal name | Buttel, Frederick H. |
| 9 (RLIN) | 5484 |
| Title of a work | editor |
| 856 42 - ELECTRONIC LOCATION AND ACCESS | |
| Materials specified | Publisher description |
| Uniform Resource Identifier | <a href="http://www.loc.gov/catdir/enhancements/fy0657/00708587-d.html">http://www.loc.gov/catdir/enhancements/fy0657/00708587-d.html</a> |
| 856 41 - ELECTRONIC LOCATION AND ACCESS | |
| Materials specified | Table of contents only |
| Uniform Resource Identifier | <a href="http://www.loc.gov/catdir/enhancements/fy0657/00708587-t.html">http://www.loc.gov/catdir/enhancements/fy0657/00708587-t.html</a> |
| 942 ## - ADDED ENTRY ELEMENTS (KOHA) | |
| Source of classification or shelving scheme | Dewey Decimal Classification |
| Item type | Book - Borrowing |
| Withdrawn status | Item status | Source of classification or shelving scheme | Damaged status | Not for loan | Vendor | Home library | Current library | Shelving location | Date acquired | Source of acquisition | Cost, normal purchase price | Serial Enumeration / chronology | Total Checkouts | Total Renewals | Full call number | Barcode | Date last seen | Date last borrowed | Koha item type |
|---|---|---|---|---|---|---|---|---|---|---|---|---|---|---|---|---|---|---|---|
| Dewey Decimal Classification | Alahram | Central Library | Central Library | First floor | 27/05/2009 | 165.00 | 357 | 2 | 2 | 363.7 ENV | 000016474 | 15/07/2025 | 17/10/2011 | Book - Borrowing |